000
00192 a2200097 4500
001
8239
100
_a
Isherwoo
245
_a
All the conspirators
260
_a
_b
Cape
_c
090
_c
6623
_d
6623
942
_a
NUST-CAE
_c
M
_c
33182
999
_c
243312
_d
243312